000 00886nam a2200277Ia 4500
003 OSt
005 20220918170851.0
006 a|||||r|||| 00| 0
007 ta
008 220917b |||||||| |||| 00| 0 eng d
020 _a9780748643981 (hbk)
_c1623.58
024 _a261,417
037 _b203/2011-12, 22/03/2012, Pioneer Book Distributors
_cTextual
040 _aARTS
_cARTS
_beng
041 _2eng
_aeng
082 _aWv, P4;Q2
100 _aRoberts Peri
_931824
245 0 _aIntroduction to phlitical thought
_b A conceptual toolkit
250 _a2nd
260 _aEdinburgh
_bEdinburgh University Press UK
_c2012
300 _avii, 340p.
_ccm.
650 _aPOLITICAL SCIENCE
700 _a Sutch Peter
_929895
942 _hWv, P4;Q2
_cTEXL
_2CC
999 _c136335
_d136335